Statistiques concernant Les pays qui produisent le plus d’armes à feu

Cliquez ici pour prendre le quiz!

Statistiques générales

  • Ce quiz a été pris 372 fois
    (355 depuis la dernière actualisation)
  • Le résultat moyen est 8 sur 10

Statistiques - réponses

Répondre% Correct
États-Unis
100%
Chine
98%
France
98%
Russie
98%
Allemagne
94%
Royaume-Uni
90%
Italie
84%
Espagne
83%
Corée du Sud
54%
Pays-Bas
35%

Distribution des résultats

Percentile par nombre de réponses

% des personnes avec chaque résultat

Votre développement - résultats

Vous n’avez pas pris ce quiz depuis la dernière actualisation